Statistics for Natural Features Shared by Two Countries

Click here to take the quiz!

General Stats

  • This quiz has been taken 31 times
  • The average score is 26 of 28

Answer Stats

HintAnswer% Correct
Rocky MountainsCanada
100%
K2 | Mount EverestChina
100%
Lake Geneva | Mont BlancFrance
100%
JutlandGermany
100%
Mount EverestNepal
100%
Korean PeninsulaNorth Korea
100%
Korean PeninsulaSouth Korea
100%
Lake GenevaSwitzerland
100%
Rocky Mountains | Virgin IslandsUnited States
100%
JutlandDenmark
96%
HispaniolaDominican Republic
96%
HispaniolaHaiti
96%
Mont BlancItaly
96%
K2Pakistan
96%
Dead SeaIsrael
93%
Dead SeaJordan
93%
Iguazu FallsArgentina
89%
Iguazu FallsBrazil
89%
Lake TiticacaPeru
89%
Lake TiticacaBolivia
86%
Aral SeaKazakhstan
86%
Virgin IslandsUnited Kingdom
86%
Victoria FallsZimbabwe
86%
Victoria FallsZambia
82%
Aral SeaUzbekistan
79%

Score Distribution

Percentile by Number Answered

Percent of People with Each Score

Your Score History

You have not taken this quiz